000 00923cam a2200253 a 4500
001 30466
005 20230410142348.0
008 831013s1982 ve c f000 0 spa
035 _9(DLC) 83213223
035 _a4253157
010 _a 83213223
040 _aDLC
_cDLC
_dDLC
050 1 4 _aBX1753.D573
_bB37 1982
100 1 _aBaralt, Rafael María,
_d1810-1860.
245 1 0 _aDiscurso de recepción pronunciado en la Real Academia Española /
_cRafael María Baralt.
250 _aEd. facsimilar.
260 _aCaracas :
_bPresidencia de la República,
_c1982.
300 _a46 p. :
_bport. ;
_c24 cm.
600 2 0 _aDonoso Cortés, Juan,
_cmarqués de Valdegamas,
_d1809-1853.
_tEnsayo sobre el catolicismo, el liberalismo y el socialismo.
650 0 _aChristian sociology
_xCatholic Church.
650 0 _aSocialism and Christianity
_xCatholic Church.
610 2 0 _aCatholic Church
_xDoctrines.
942 _2lcc
_cbk
999 _c94305
_d94305